[Event "EU-ch U16 Girls 28th"]
[Site "Riga"]
[Date "2018.08.26"]
[Round "6"]
[White "Raccanello, Marianna"]
[Black "Konstantinova, Viktoriia"]
[Result "1/2-1/2"]
[WhiteElo "1934"]
[BlackElo "1732"]
[PlyCount "65"]
[EventDate "2018.08.20"]
[EventType "swiss"]
[EventRounds "9"]
[EventCountry "LAT"]
[SourceTitle "CBM 186 Extra"]
[Source "ChessBase"]
[SourceDate "2018.08.24"]
[SourceVersion "1"]
[SourceVersionDate "2018.08.24"]
[SourceQuality "1"]

1. e4 e5 2. Nf3 Nc6 3. Bb5 a6 4. Ba4 Nf6 5. 0-0 b5 6. Bb3 Be7 7. Re1 0-0 8. c3 d6 9. h3 Na5 10. Bc2 c5 11. d4 Qc7 12. Nbd2 cxd4 13. cxd4 Nc6 14. d5 Nb4 15. Bb1 a5 16. a3 Na6 17. b4 axb4 18. axb4 Bd7 19. Qb3 Rfc8 20. Bb2 Qb7 21. Bd3 Nc7 22. Nf1 Rxa1 23. Rxa1 Ra8 24. Rxa8+ Nxa8 25. Ne3 g6 26. Bc3 Nb6 27. Bd2 Kg7 28. Nc2 Ne8 29. Ne3 Nf6 30. Qa3 Na4 31. Qc1 Bd8 32. Nd1 Kg8 33. Qc2 1/2-1/2

[Event "UKR-ch U14 Girls"]
[Site "Chernivtsi"]
[Date "2017.02.08"]
[Round "9"]
[White "Kolosan, Ulyana"]
[Black "Konstantinova, Viktoriia"]
[Result "1-0"]
[WhiteElo "1623"]
[BlackElo "1666"]
[PlyCount "158"]
[EventDate "2017.02.01"]
[EventType "tourn"]
[EventRounds "11"]
[EventCountry "UKR"]
[SourceTitle "CBM 176 Extra"]
[Source "ChessBase"]
[SourceDate "2017.03.02"]
[SourceVersion "1"]
[SourceVersionDate "2017.03.02"]
[SourceQuality "1"]

1. e4 e5 2. Nf3 Nc6 3. Bc4 Bc5 4. d3 Nf6 5. Bg5 d6 6. Nc3 h6 7. Be3 Bb6 8. h3 0-0 9. Qd2 Na5 10. Bb3 Nxb3 11. axb3 Be6 12. g4 Nh7 13. Rg1 Qf6 14. Qe2 Bxe3 15. fxe3 Ng5 16. Nxg5 Qxg5 17. Kd2 a6 18. Qf2 Qe7 19. Raf1 f6 20. Ne2 d5 21. exd5 Bxd5 22. e4 Be6 23. h4 a5 24. Nc3 b6 25. Qh2 g5 26. hxg5 hxg5 27. Rh1 Qg7 28. Qh5 Bf7 29. Qh3 Be6 30. Ne2 Kf7 31. Ng3 Ke7 32. Nh5 Qg6 33. Rf2 Rad8 34. Qg2 Rf7 35. Qf3 Rdf8 36. Rfh2 Rh7 37. Kc1 Rfh8 38. Kb1 Rf7 39. Rg1 Rfh7 40. Rgh1 Rf7 41. Ng3 Rxh2 42. Rxh2 Rh7 43. Nf5+ Bxf5 44. exf5 Qf7 45. Rxh7 Qxh7 46. Qc6 Kd8 47. Qxf6+ Qe7 48. Qh8+ Kd7 49. f6 Qf7 50. Qg7 Ke6 51. Qxg5 Qxf6 52. Qh5 Qf1+ 53. Ka2 Qf7 54. Qh6+ Qf6 55. Qh7 Qf7 56. Qe4 Kd6 57. g5 Qg7 58. Qf5 Ke7 59. Kb1 Qh8 60. Qf3 Qg7 61. Qc6 Kf8 62. Qa8+ Kf7 63. Qc6 Kf8 64. g6 Qe7 65. Qh1 Qg7 66. Qf3+ Ke7 67. Qc6 Kf8 68. Qe6 Qe7 69. g7+ Qxg7 70. Qc8+ Kf7 71. Qxc7+ Kg8 72. Qxb6 Qg4 73. Qxa5 Qd1+ 74. Ka2 Qxc2 75. Qc3 Qe2 76. b4 Qe3 77. Qc4+ Kg7 78. b5 Qa7+ 79. Kb3 Kf6 1-0

[Event "UKR-ch U14 Girls"]
[Site "Chernivtsi"]
[Date "2017.02.06"]
[Round "7"]
[White "Romanyuk, Lidiya"]
[Black "Konstantinova, Viktoriia"]
[Result "1/2-1/2"]
[WhiteElo "1650"]
[BlackElo "1666"]
[PlyCount "83"]
[EventDate "2017.02.01"]
[EventType "tourn"]
[EventRounds "11"]
[EventCountry "UKR"]
[SourceTitle "CBM 176 Extra"]
[Source "ChessBase"]
[SourceDate "2017.03.02"]
[SourceVersion "1"]
[SourceVersionDate "2017.03.02"]
[SourceQuality "1"]

1. d4 d5 2. c4 dxc4 3. Nf3 Nf6 4. g3 e6 5. Bg2 Be7 6. 0-0 0-0 7. Qc2 Nbd7 8. Qxc4 Nb6 9. Qc2 c6 10. b3 Re8 11. Bb2 Bd7 12. Nbd2 Rc8 13. Ne5 Qc7 14. Rac1 Bd6 15. Ndf3 h6 16. Qd3 Nbd5 17. a3 Bxe5 18. Nxe5 Qd6 19. e4 Nc7 20. Nc4 Qe7 21. Bc3 Na6 22. e5 Nd5 23. Nd6 Nxc3 24. Rxc3 Rb8 25. b4 Red8 26. Rb1 Nc7 27. f4 Nd5 28. Bxd5 exd5 29. f5 Rf8 30. Rf1 f6 31. Qe3 Bc8 32. Qf4 Bd7 33. Re3 b5 34. Rc3 Rb6 35. e6 Be8 36. Rfc1 Ra6 37. Nxe8 Qxe8 38. Qc7 Qc8 39. Qd6 Qd8 40. Qc5 Re8 41. Re1 Re7 42. Kg2 1/2-1/2

[Event "UKR-ch U14 Girls"]
[Site "Vinnytsia"]
[Date "2016.04.15"]
[Round "11"]
[White "Kozachenko, Sofia"]
[Black "Konstantinova, Viktoriia"]
[Result "1-0"]
[WhiteElo "1730"]
[BlackElo "1673"]
[PlyCount "147"]
[EventDate "2016.04.06"]
[EventType "tourn"]
[EventRounds "11"]
[EventCountry "UKR"]
[SourceTitle "CBM 171 Extra"]
[Source "ChessBase"]
[SourceDate "2016.04.26"]
[SourceVersion "1"]
[SourceVersionDate "2016.04.26"]
[SourceQuality "1"]

1. e4 e5 2. Nf3 Nc6 3. Bb5 a6 4. Ba4 Nf6 5. 0-0 b5 6. Bb3 Be7 7. Re1 d6 8. c3 0-0 9. d3 Na5 10. Bc2 c5 11. Nbd2 Be6 12. Nf1 Nc6 13. d4 cxd4 14. cxd4 Bg4 15. Be3 exd4 16. Bxd4 Nxd4 17. Qxd4 Rc8 18. Bd1 Nd7 19. Ne3 Bxf3 20. Bxf3 Ne5 21. Be2 Bf6 22. Qd2 Re8 23. Rad1 Nc4 24. Bxc4 bxc4 25. Nd5 Rc6 26. Rc1 Rc5 27. f3 h6 28. Red1 Re6 29. Rc2 Qb8 30. Rdc1 Qb5 31. Nxf6+ Rxf6 32. Qd4 d5 33. exd5 Rxd5 34. Qxc4 Qxc4 35. Rxc4 Rfd6 36. R4c2 g6 37. Re1 Kg7 38. Kf2 Kf6 39. Ree2 h5 40. g3 Kf5 41. Rc4 g5 42. h4 f6 43. g4+ Kg6 44. gxh5+ Kxh5 45. hxg5 Kxg5 46. Kg3 f5 47. f4+ Kf6 48. Rec2 Rd3+ 49. Kf2 Rd2+ 50. Rxd2 Rxd2+ 51. Ke3 Rxb2 52. Rc6+ Ke7 53. Rxa6 Rb4 54. a3 Re4+ 55. Kf3 Re1 56. a4 Rf1+ 57. Ke3 Re1+ 58. Kf2 Re4 59. Kf3 Re1 60. a5 Rf1+ 61. Ke3 Re1+ 62. Kf2 Re4 63. Kf3 Re1 64. Ra8 Rf1+ 65. Ke3 Re1+ 66. Kf2 Re4 67. Kf3 Re1 68. a6 Rf1+ 69. Ke3 Re1+ 70. Kf2 Re4 71. Kf3 Re1 72. a7 Rf1+ 73. Kg2 Ra1 74. Rh8 1-0

[Event "UKR-ch U14 Girls"]
[Site "Vinnytsia"]
[Date "2016.04.11"]
[Round "7"]
[White "Hryshchenko, Kamila"]
[Black "Konstantinova, Viktoriia"]
[Result "1-0"]
[WhiteElo "1784"]
[BlackElo "1673"]
[PlyCount "69"]
[EventDate "2016.04.06"]
[EventType "tourn"]
[EventRounds "11"]
[EventCountry "UKR"]
[SourceTitle "CBM 171 Extra"]
[Source "ChessBase"]
[SourceDate "2016.04.26"]
[SourceVersion "1"]
[SourceVersionDate "2016.04.26"]
[SourceQuality "1"]

1. e4 e5 2. Nf3 Nc6 3. Bb5 a6 4. Ba4 Nf6 5. d4 exd4 6. 0-0 Be7 7. Re1 b5 8. e5 Nxe5 9. Nxe5 bxa4 10. Qxd4 0-0 11. Qxa4 Rb8 12. Nd3 Re8 13. Nc3 Bb7 14. b3 d5 15. Ne2 Ne4 16. Bf4 Nc5 17. Qa5 Ne6 18. Bg3 Bd6 19. Nef4 Nxf4 20. Nxf4 Qd7 21. Qd2 Qc6 22. Nd3 d4 23. f3 Bxg3 24. hxg3 Qd6 25. Kf2 c5 26. Rxe8+ Rxe8 27. Re1 Rc8 28. Qg5 Kf8 29. Ne5 Qd5 30. Qf5 f6 31. Nd7+ Kf7 32. Re5 Qd6 33. Qh5+ Kg8 34. Re8+ Rxe8 35. Qxe8+ 1-0

[Event "UKR-ch U14 Girls"]
[Site "Vinnytsia"]
[Date "2016.04.07"]
[Round "3"]
[White "Biliak, Viktoria"]
[Black "Konstantinova, Viktoriia"]
[Result "1/2-1/2"]
[WhiteElo "1719"]
[BlackElo "1673"]
[PlyCount "117"]
[EventDate "2016.04.06"]
[EventType "tourn"]
[EventRounds "11"]
[EventCountry "UKR"]
[SourceTitle "CBM 171 Extra"]
[Source "ChessBase"]
[SourceDate "2016.04.26"]
[SourceVersion "1"]
[SourceVersionDate "2016.04.26"]
[SourceQuality "1"]

1. e4 e5 2. Nf3 Nc6 3. d4 exd4 4. Nxd4 Nf6 5. Nxc6 bxc6 6. e5 Qe7 7. Qe2 Nd5 8. c4 Ba6 9. b3 0-0-0 10. g3 Re8 11. Bb2 f6 12. Bg2 fxe5 13. 0-0 g6 14. Nc3 Nb6 15. a4 Kb8 16. Rfe1 Bg7 17. a5 Nc8 18. Na4 Bb7 19. c5 a6 20. b4 Na7 21. Qc4 Qe6 22. Qxe6 Rxe6 23. Re2 Rhe8 24. Rae1 Bh8 25. f4 d6 26. h4 Bc8 27. cxd6 cxd6 28. fxe5 Bxe5 29. Bxe5 Rxe5 30. Rxe5 Rxe5 31. Rxe5 dxe5 32. Kf2 Kc7 33. Ke3 Kd6 34. Nc5 h6 35. Ne4+ Ke7 36. Bf1 Nb5 37. Nc5 Nc7 38. Ke4 Kd6 39. Nd3 Bf5+ 40. Ke3 Nd5+ 41. Kd2 Bc8 42. Bg2 Bf5 43. Bf1 e4 44. Nc5 Nxb4 45. Nxa6 Nxa6 46. Bxa6 Kc5 47. Bb7 Kb5 48. a6 Kb6 49. Ke3 Bh3 50. Kxe4 Bf1 51. Bc8 Bxa6 52. Bg4 h5 53. Be6 Be2 54. Bf7 Bd1 55. Kd3 Kc5 56. Bxg6 Kd5 57. Be4+ Kd6 58. Bg6 Ke5 59. Ke3 1/2-1/2